000 00532nam a2200181Ia 4500
008 090124s9999 xx 000 0 und d
082 _b27679
100 _aराऊत शोभा
245 _a आधारशीला
250 _a1
260 _b"सुमीत प्रकाशन, कोल्हापूर"
_c1988
300 _a192
600 _aराऊत शोभा
630 _a आधारशीला
700 _aराऊत शोभा
730 _a आधारशीला
942 _cBOOK
999 _c94447
_d94447